000 00761nam a2200253 a 4500
001 60508
003 BD-RjUL
005 20211209080842.0
008 170101s1978 nyua b 001 0 eng
020 _a0471217689
035 _a(BD-RjUL)60632
040 _aDLC
_cDLC
_dBD-RjUL
_beng
041 _aeng
082 0 0 _a384
_bDOD 1978
_223
100 1 _aDoll, Dixon R.
_9180141
245 1 0 _aData communications :
_bfacilities, networks, and systems design /
_cDixon R. Doll.
260 _aNew York :
_bWiley,
_cc1978.
300 _aix, 493 p. :
_bill. ;
_c24 cm.
504 _aIncludes bibliographical references and index.
650 0 _aData transmission systems.
_9180142
650 0 _aComputer networks.
_9180143
942 _2ddc
_cBK
999 _c60508
_d60508